000 00928nam a2200205Ii 4500
003 JO-AjNU
008 230605s9999||||xx |||||||||||||| ||und||
040 _aJO-AjNU
_bara
_erda
_cJO-AjNU
041 _aara
050 1 4 _aKRM3946.H87 2012
100 3 _aتأليف حسني، محمود نجيب,
_eauthor
_944881
245 0 0 _aشرح قانون العقوبات : القسم العام : النظرية العامة للجريمة والنظرية العامة للعقوبة والتدبير الاحترازي
250 _aط7
264 3 1 _aالقاهرة: دار النهضة العربية،2012
300 _a1163ص
_bيحتوي على ببلوغرافيا من ص 1089-ص1163
336 _atext
_btxt
_2rdacontent
337 _aunmediated
_bn
_2rdamedia
338 _avolume
_bnc
_2rdacarrier
650 4 _aقانون العقوبات - مصر - الجريمة والمجرمون - قوانين وتشريعات
_944882
999 _aA19413
_c22981
_d22981